000 00404nam a22001337a 4500
005 20150205110526.0
008 150123b xxu||||| |||| 00| 0 eng d
050 _aPR9390.9M3
_bS6
100 _aMadhombiro, Kenndy H.
_914594
245 _aSounds of Zambezi:
_cMadhombiro, Kenndy H.
_bpoetry compilation
260 _aGloucestershire
_bDiaspora
_c2013
300 _a115p.;
_c21cm.
942 _2lcc
_cMONOGRAPH
999 _c121880
_d121880